La revolución internacionalista alcoyana de 1873 / (Record no. 45646)

MARC details
000 -LEADER
campo de control de longitud fija 00893nam a2200241 i 4500
001 - NÚMERO DE CONTROL
campo de control 45646
003 - IDENTIFICADOR DE NÚMERO DE CONTROL
campo de control ES-MaACL
005 - FECHA Y HORA DE LA ÚLTIMA TRANSACCIÓN
campo de control 20250822063118.0
007 - CAMPO FIJO DE DESCRIPCIÓN FÍSICA--INFORMACIÓN GENERAL
campo de control de longitud fija t|
008 - DATOS DE LONGITUD FIJA--INFORMACIÓN GENERAL
campo de control de longitud fija 030326s1959 sp f ||||1| spa d
080 ## - NÚMERO DE LA CLASIFICACIÓN DECIMAL UNIVERSAL
Número de la Clasificación Decimal Universal 946"1873/74"
100 1# - ENTRADA PRINCIPAL--NOMBRE DE PERSONA
Nombre de persona Coloma Payá, Rafael
9 (RLIN) 156348
245 13 - MENCIÓN DEL TÍTULO
Título La revolución internacionalista alcoyana de 1873 /
Mención de responsabilidad, etc. Rafael Coloma.
260 ## - PUBLICACIÓN, DISTRIBUCIÓN, ETC.
Lugar de publicación, distribución, etc. Alicante :
Nombre del editor, distribuidor, etc. Instituto de Estudios Alicantinos,
Fecha de publicación, distribución, etc. [1959] (
Fabricante Suc. de Such)
300 ## - DESCRIPCIÓN FÍSICA
Extensión 123 p., 7 lám. ;
Dimensiones 21 cm.
490 1# - MENCIÓN DE SERIE
Mención de serie Publicaciones del Instituto de Estudios Alicantinos ;
Designación de volumen o secuencia XVI
596 ## - NOTA AL PIE DE IMPRENTA
NOTA AL PIE DE IMPRENTA Diputación Provincial de Alicante.
651 #4 - PUNTO DE ACCESO ADICIONAL DE MATERIA--NOMBRE GEOGRÁFICO
Nombre geográfico España-
Subdivisión general Historia-
Subdivisión cronológica 1873-1874, I República.
9 (RLIN) 8263
710 2# - ENTRADA AGREGADA--NOMBRE DE ENTIDAD CORPORATIVA
Nombre de entidad corporativa o nombre de jurisdicción como elemento de entrada Instituto de Estudios Alicantinos.
9 (RLIN) 4886
830 0# - PUNTO DE ACCESO ADICIONAL DE SERIE-TÍTULO UNIFORME
Título uniforme Publicaciones del Instituto de Estudios Alicantinos ;
Designación de volumen o secuencia XVI
9 (RLIN) 182064
852 ## - LOCALIZACIÓN
Ubicación ES-MaACL
Número de control de estantería C-17716
Holdings
Estatus retirado Estado de pérdida Estado de daño No para préstamo Biblioteca de origen Biblioteca actual Ubicación en estantería Fecha de adquisición Fuente de adquisición Total de préstamos Signatura topográfica completa Código de barras Visto por última vez Precio de reemplazo Tipo de ítem Koha
        Biblioteca del Ateneo de Madrid Biblioteca del Ateneo de Madrid Galería 17/01/2008     C-17716 1048024 23/02/2023 23/02/2023 Libro impreso